<?xml version="1.0" encoding="UTF-8"?><?xml-stylesheet type="text/xsl" href="static/style.xsl"?><OAI-PMH xmlns="http://www.openarchives.org/OAI/2.0/" xmlns:xsi="http://www.w3.org/2001/XMLSchema-instance" xsi:schemaLocation="http://www.openarchives.org/OAI/2.0/ http://www.openarchives.org/OAI/2.0/OAI-PMH.xsd"><responseDate>2026-04-13T06:48:33Z</responseDate><request verb="GetRecord" identifier="oai:www.recercat.cat:10459.1/47432" metadataPrefix="marc">https://recercat.cat/oai/request</request><GetRecord><record><header><identifier>oai:recercat.cat:10459.1/47432</identifier><datestamp>2024-12-05T21:58:57Z</datestamp><setSpec>com_2072_3622</setSpec><setSpec>col_2072_479130</setSpec></header><metadata><record xmlns="http://www.loc.gov/MARC21/slim" xmlns:dcterms="http://purl.org/dc/terms/" xmlns:xsi="http://www.w3.org/2001/XMLSchema-instance" xmlns:doc="http://www.lyncode.com/xoai" xsi:schemaLocation="http://www.loc.gov/MARC21/slim http://www.loc.gov/standards/marcxml/schema/MARC21slim.xsd">
   <leader>00925njm 22002777a 4500</leader>
   <datafield ind2=" " ind1=" " tag="042">
      <subfield code="a">dc</subfield>
   </datafield>
   <datafield ind2=" " ind1=" " tag="720">
      <subfield code="a">Bosch Serra, Àngela D.</subfield>
      <subfield code="e">author</subfield>
   </datafield>
   <datafield ind2=" " ind1=" " tag="720">
      <subfield code="a">Padró i Caminal, Roc</subfield>
      <subfield code="e">author</subfield>
   </datafield>
   <datafield ind2=" " ind1=" " tag="720">
      <subfield code="a">Boixadera-Bosch, R.</subfield>
      <subfield code="e">author</subfield>
   </datafield>
   <datafield ind2=" " ind1=" " tag="720">
      <subfield code="a">Orobitg, Jordi</subfield>
      <subfield code="e">author</subfield>
   </datafield>
   <datafield ind2=" " ind1=" " tag="720">
      <subfield code="a">Yagüe Carrasco, María Rosa</subfield>
      <subfield code="e">author</subfield>
   </datafield>
   <datafield ind2=" " ind1=" " tag="260">
      <subfield code="c">2014-07-23T07:18:42Z</subfield>
   </datafield>
   <datafield ind2=" " ind1=" " tag="260">
      <subfield code="c">2014-07-23T07:18:42Z</subfield>
   </datafield>
   <datafield ind2=" " ind1=" " tag="260">
      <subfield code="c">2014</subfield>
   </datafield>
   <datafield ind2=" " ind1=" " tag="520">
      <subfield code="a">Fertilization with animal residues together with no-tillage is being widely used in dryland Mediterranean agriculture. The aim of this work is to assess the potential impacts of these combined anagement practices on oribatid mite species, and to evaluate their potential use as bioindicators of soil disturbances. From an experiment established ten years ago, eight fertilization treatments (including minerals or pig slurries), all combined with minimum tillage (MT) and no-tillage (NT), were studied. Four of these combinations were sampled three times during the winter cereal cropping season. The rest, and a eighbouring oak forest, were only sampled close to the end of the season (May). In total, 34 oribatid species and 4140 individuals were recovered. Oribatid abundance responded positively (p &lt; 0.05) to the reduction of tillage intensity (NT) and marginally (p &lt; 0.1) to slurry fertilization at sowing (close to maximum legislation allowed rate: &lt;210 kg N ha−1 yr−1). At this slurry rate, Shannon index of diversity varied through the season, and was higher in May in MT than in NT plots. The Berger–Parker index of abundance signals plots without slurries as the most disturbed (compared with the forest). Nitrogen slurry over-fertilization reduced abundance of Oribatula(Zygoribatula) connexa connexa , but the impact on the most relevant species depended on the tillage system: Epilohmannia cylindrica cylindrica dominated in MT plots; under NT it was balanced by Tectocepheus velatus sarekensis and Passalozetes (Passalozetes) africanus. Scutovertex sculptus is also very negatively affected by tillage.Oribatida are a good target for the biological indication of soil disturbances associated to agricultural management.</subfield>
   </datafield>
   <datafield ind1="8" ind2=" " tag="024">
      <subfield code="a">http://hdl.handle.net/10459.1/47432</subfield>
   </datafield>
   <datafield tag="653" ind2=" " ind1=" ">
      <subfield code="a">Agroecosystem</subfield>
   </datafield>
   <datafield tag="653" ind2=" " ind1=" ">
      <subfield code="a">Biodiversity</subfield>
   </datafield>
   <datafield tag="653" ind2=" " ind1=" ">
      <subfield code="a">Bioindication</subfield>
   </datafield>
   <datafield tag="653" ind2=" " ind1=" ">
      <subfield code="a">Forest</subfield>
   </datafield>
   <datafield tag="653" ind2=" " ind1=" ">
      <subfield code="a">No-tillage</subfield>
   </datafield>
   <datafield tag="653" ind2=" " ind1=" ">
      <subfield code="a">Pig slurry</subfield>
   </datafield>
   <datafield tag="653" ind2=" " ind1=" ">
      <subfield code="a">Adobs orgànics -- Conreu</subfield>
   </datafield>
   <datafield tag="653" ind2=" " ind1=" ">
      <subfield code="a">Purins</subfield>
   </datafield>
   <datafield ind2="0" ind1="0" tag="245">
      <subfield code="a">Tillage and slurry over-fertilization affect oribatid mite communities in a semiarid Mediterranean environment</subfield>
   </datafield>
</record></metadata></record></GetRecord></OAI-PMH>